Los 21
Saved in:
| Main Author: | |
|---|---|
| Format: | Book |
| Language: | Spanish |
| Published: |
Santiago
Nascimento
1948
|
| Edition: | 1a. ed |
| Subjects: | |
| Tags: |
Add Tag
No Tags, Be the first to tag this record!
|
MARC
| LEADER | 00000nam a2200000 a 4500 | ||
|---|---|---|---|
| 001 | UCX5700 | ||
| 003 | CL-VaPUC | ||
| 005 | 20250114112606.0 | ||
| 008 | 930108e19480000CL |||||||||||||||||spa|d | ||
| 999 | |c 225896 |d 225894 | ||
| 040 | |c Pontificia Universidad Católica de Valparaíso | ||
| 082 | 0 | 4 | |a Ch860.92 |b DHA |2 21 |
| 100 | 0 | |a D'Halmar, Augusto |e author |9 315574 | |
| 245 | 1 | 4 | |a Los 21 |
| 250 | |a 1a. ed | ||
| 260 | |a Santiago |b Nascimento |c 1948 | ||
| 300 | |a 275 p | ||
| 583 | |a last modification |c 19930108 00:00:00 |k Rodrigo Vera | ||
| 600 | 0 | |a Loti, Pierre, |d 1850-1923 |9 861110 | |
| 600 | 0 | |a Pezoa Véliz, Carlos |d 1879-1908 |9 322063 | |
| 600 | 0 | |a Poe, Edgar Allan |9 313715 | |
| 600 | 0 | 7 | |a ROMERA, ANTONIO H |2 CL-VaPUC |9 322064 |
| 650 | 7 | |a LITERATOS BIOGRAFIAS |2 CL-VaPUC |9 322065 | |
| 942 | |c BK |2 ddc | ||
| 945 | |d 19930108 00:00:00 | ||
| 952 | |0 0 |1 0 |4 0 |6 CH_860_920000000000000_DHA_1948 |7 0 |8 A |9 223806 |a BIBEDU |b BIBEDU |d 2019-11-15 |i 2926342 |o Ch860.92 DHA 1948 |p 2926342 |r 2019-11-15 |w 2019-11-15 |y BK |k LIT | ||
| 952 | |0 0 |1 0 |4 0 |6 CH_860_920000000000000_DHA_1948 |7 0 |8 A |9 223807 |a BIBEDU |b BIBEDU |d 2019-11-15 |i 1337610 |o Ch860.92 DHA 1948 |p 1337610 |r 2019-11-15 |w 2019-11-15 |y BK |k LIT | ||
| 952 | |0 0 |1 0 |4 0 |6 CH_860_920000000000000_DHA_1948 |7 0 |8 X |9 223808 |a FDOBUD |b FDOBUD |d 2019-11-15 |i 1002937 |o Ch860.92 DHA 1948 |p 1002937 |r 2019-11-15 |w 2019-11-15 |y BK_X |k BUD | ||